Escritores del Siglo de Oro español - Estadísticas

Estadísticas generales
  • Esta prueba ha sido intentada 302 veces
  • La puntuación promedio es 9 de 16
Estadísticas de respuestas
Obra Autor % Correcto
Don Quijote de la Mancha Miguel de Cervantes Saavedra
99%
La vida de Lazarillo de Tormes Anónimo
73%
La vida del Buscón Francisco de Quevedo
73%
La vida es sueño Calderón de la Barca
70%
Rimas Lope de Vega
70%
La Arcadia Lope de Vega
70%
Fuenteovejuna Lope de Vega
70%
Soledades Luis de Góngora
66%
Tragicomedia de Calisto y Melibea (La Celestina) Fernando de Rojas
61%
sonetos y églogas Garcilaso de la Vega
45%
Cántico espiritual San Juan de la Cruz
38%
El burlador de Sevilla Tirso de Molina
38%
Gramática castellana Antonio de Nebrija
37%
Camino de perfección Santa Teresa de Jesús
37%
Oda a la vida retirada Fray Luis de León
32%
El criticón Baltasar Gracián
24%
No se encontraron pruebas coincidentes
Distribución de puntuación
Porcentaje de gente con cada puntuación
Porcentaje por número respondido
Historial de tus puntuaciones
No has intentado esta prueba.